00441nam a2200169Ia 450000500170000000800410001702000180005804000190007604100120009508200130010710000170012024500510013726000360018830000170022465000200024185000100026120240429093943.0131103s9999 xx 000 0 und d a0 00 370564 1 aLoreto College aEnglish a425bWIL aWillis, Dave aCollins cobuild student's grammarcDave Willis aNew DelhibHarper Collinsc1994 axviii,240p.  aEnglish grammar aLCBED